Zeytin ve zeytinyağı üreticilerinin sorunlarını araştırma komisyonu raporu: (Record no. 6583)

MARC details
000 -BAŞLIK
Sabit Uzunlukta Kontrol Alanı 01255na a2200325 4500
999 ## - SİSTEM KONTROL NUMARALARI (KOHA)
Koha Biblionumber 6583
Koha Biblioitemnumber 6583
001 - KONTROL NUMARASI
Denetim Alanı 19358
003 - KONTROL NUMARASI IDENTIFIER
Denetim Alanı MIRAKIL
005 - SON İŞLEM TARİHİ VE ZAMANI
Denetim Alanı 20200225125219.0
008 - SABİT-BOY VERİ ELEMANLARI - GENEL BİLGİLER
Sabit Uzunlukta Kontrol Alanı 170214b tu 000 0
035 ## - SİSTEM KONTROL NUMARASI
Sistem Kontrol Numarası 19358
040 ## - KATALOGLAMA KAYNAK
Orijinal Kataloglama Ajansı Milas
Kataloglama Dili tur
Metne Dönüştürmek Ajansı TR-AnCHP
041 ## - DİL KODU
Metin / Ses Parça Veya Ayrı Başlığın Dil Kodu tur
082 ## - DEWEY ONLU SINIFLANDIRMA NUMARASI
Sınıflandırma Numarası CHP 338.17463
Ürün Numarası Z39 2005
090 ## - SINIFLAMA NUMARASI
Sınıflama Numarası BROŞÜR 478
222 ## - ANAHTAR ADI
Anahtar Başlık Tarım raporları
222 ## - ANAHTAR ADI
Anahtar Başlık CHP tarım
245 ## - BAŞLIK TABLOSU
Başlık Zeytin ve zeytinyağı üreticilerinin sorunlarını araştırma komisyonu raporu:
Başlığın Kalan (Aralık 2005)/
Sorumluluk Tablosu, Vb Türkiye Büyük Millet Meclisi Cumhuriyet Halk Partisi Grup Başkanlığı.
260 ## - YAYIN, DAĞITIM, VB
Yayın, Dağıtım, Vb Yeri Ankara:
Yayıncı, Dağıtıcı, Vs Adı CHP,
Yayın, Dağıtım, Vb Tarihi 2005.
300 ## - FİZİKSEL TANIM
Kapsam 64 s.:
Diğer Fiziksel Ayrıntıları res.(bazısı rnk).,
Boyutlar 24 sm.
490 ## - SERİSİ TABLOSU
Seri Beyanı Cumhuriyet Halk Partisi yayınları
610 ## - KONU KATMA GİRİŞ - TOPLANTI ADI
Giriş Elemanı Olarak Kurumsal Ad Veya Yargı Alanı Adı CHP
Alt Birim Zeytin ve Zeytinyağı Üreticilerinin Sorunlarını Araştırma Komisyonu
Genel Alt Bölüm Raporlar
610 ## - KONU KATMA GİRİŞ - TOPLANTI ADI
Giriş Elemanı Olarak Kurumsal Ad Veya Yargı Alanı Adı CHP
Genel Alt Bölüm Komisyon raporları
Kronolojik Alt Bölüm Zeytin ve zeytincilik
610 ## - KONU KATMA GİRİŞ - TOPLANTI ADI
Giriş Elemanı Olarak Kurumsal Ad Veya Yargı Alanı Adı CHP
Genel Alt Bölüm Zeytinyağı
Kronolojik Alt Bölüm Raporlar
610 ## - KONU KATMA GİRİŞ - TOPLANTI ADI
Giriş Elemanı Olarak Kurumsal Ad Veya Yargı Alanı Adı CHP
Genel Alt Bölüm Zeytin
Kronolojik Alt Bölüm Raporlar
650 ## - KONU KATMA GİRİŞ - TOPİKAL DÖNEM
Topikal Süreli Veya Coğrafi Ad Giriş Elemanı Tarım sorunları
Genel Alt Bölümü Zeytin ve zeytincilik
Kronolojik Alt Bölümü Raporlar
Coğrafi Alt Bölümü Türkiye
650 ## - KONU KATMA GİRİŞ - TOPİKAL DÖNEM
Topikal Süreli Veya Coğrafi Ad Giriş Elemanı Zeytin üreticileri
Kronolojik Alt Bölümü Raporlar
Coğrafi Alt Bölümü Türkiye
856 ## - ELEKTRONİK YER VE ERİŞİM
Kamu Notu Dijital Nüshası için Partimizin Kütüphane Sorumlusu ile iletişime geçiniz.
942 ## - EKLENDİ GİRİŞ ELEMANLARI (KOHA)
Sınıflandırma Veya Raf Düzeni Kaynak Dewey Decimal Classification
Koha Öğesi Türü Visual Material
Holdings
Kullanım Kısıtlamaları Kalıcı Konum Mevcut Konum Edinme Tarihi Edinim Kaynak Toplam Check-Out'Lar Tam Çağrı Numarası Barkod Tarih Son Görülme İtibaren Geçerli Fiyatlar Sigara Kamu Notu Koha Öğesi Türü
Kütüphane dışına çıkarılamaz CHP Kütüphanesi CHP Kütüphanesi 12/14/2016 Bağış   BROŞÜR 478 011098 12/14/2016 12/14/2016 Fotokopi Visual Material